Beyond fear : (Record no. 198629)
[ view plain ]
| 000 -LEADER | |
|---|---|
| fixed length control field | 00645 a2200193 4500 |
| 003 - CONTROL NUMBER IDENTIFIER | |
| control field | NUST |
| 005 - DATE AND TIME OF LATEST TRANSACTION | |
| control field | 20221230172743.0 |
| 020 ## - INTERNATIONAL STANDARD BOOK NUMBER | |
| International Standard Book Number | 0383026207 |
| 040 ## - CATALOGING SOURCE | |
| Transcribing agency | Nust |
| 082 ## - DEWEY DECIMAL CLASSIFICATION NUMBER | |
| Classification number | 363.32,SCH |
| 100 ## - MAIN ENTRY--PERSONAL NAME | |
| Personal name | Schneier, Bruce |
| 245 ## - TITLE STATEMENT | |
| Title | Beyond fear : |
| Remainder of title | thinking sensibly about security in an uncertain / |
| Statement of responsibility, etc. | Bruce Schneier |
| 260 ## - PUBLICATION, DISTRIBUTION, ETC. | |
| Place of publication, distribution, etc. | New York |
| Name of publisher, distributor, etc. | Copernicus Books |
| Date of publication, distribution, etc. | 2003 |
| 300 ## - PHYSICAL DESCRIPTION | |
| Extent | 295 p.; |
| 505 ## - FORMATTED CONTENTS NOTE | |
| Formatted contents note | Part One- Sensible Security (Page-1), Part Two- How Security Works (Page-45), Part Three- The Game of Security (Page-255). |
| 610 ## - SUBJECT ADDED ENTRY--CORPORATE NAME | |
| Corporate name or jurisdiction name as entry element | Terrorim-USA-Prevention |
| 9 (RLIN) | 106523 |
| 650 ## - SUBJECT ADDED ENTRY--TOPICAL TERM | |
| Topical term or geographic name entry element | War on terrorism |
| 9 (RLIN) | 62850 |
| 942 ## - ADDED ENTRY ELEMENTS (KOHA) | |
| Source of classification or shelving scheme | |
| Koha item type | Book |
| Call number prefix | 363.32,SCH |
| Withdrawn status | Lost status | Source of classification or shelving scheme | Damaged status | Not for loan | Permanent Location | Current Location | Shelving location | Date acquired | Full call number | Barcode | Date last seen | Price effective from | Koha item type | Public note |
|---|---|---|---|---|---|---|---|---|---|---|---|---|---|---|
| Military College of Signals (MCS) | Military College of Signals (MCS) | General Stacks | 12/12/2016 | 363.32,SCH | MCS30579 | 12/08/2016 | 12/12/2016 | Book | Almirah No.54, Shelf No.1 |
